Beste Champions League Torschützen RB Leipzig - Statistiken

Allgemein
  • Dieses Quiz wurde 466 mal gespielt
    149 seit der letzten Aktualisierung
  • Das Durchschnittsergebnis liegt bei 8 aus 9
Antwortstatistiken
Saison Nationalität Tore Spieler % Korrekt
2019/20 Schweden 4 Emil Forsberg
95%
2017/18 Deutschland 3 Timo Werner
95%
2024/25 Slowenien 4 Benjamin Šeško
93%
2022/23 Frankreich 3 Christopher Nkunku
91%
2021/22 Frankreich 7 Christopher Nkunku
91%
2023/24 Belgien 4 Loïs Openda
91%
2019/20 Österreich 4 Marcel Sabitzer
85%
2022/23 Portugal 3 André Silva
79%
2020/21 Spanien 3 Angeliño
36%
Keine übereinstimmenden Quizze gefunden
Verteilung der Resultate
Anzahl Personen mit jedem Resultat
Perzentil nach korrekt beantworteten Fragen
Ihre Resultats-Entwicklung
Sie haben dieses Quiz seit der letzten Aktualisierung nicht gespielt